Prezydenci USA, którzy dodali najwięcej terytoriów - Statystyki

Ogólne statystyki
  • Ten quiz został rozwiązany 8 razy
  • Średni wynik to 2 z 5
Statystyki odpowiedzi
Kilometry kwadratowe Nabytki Prezydent % Poprawnych
1 530 688 Zakup Alaski, Wyspy Midway Andrew Johnson
50%
186 741 Floryda James Monroe
50%
2 144 476 Zakup Luizjany Thomas Jefferson
25%
326 450 Filipiny, Hawaje, Portoryko, Guam, Samoa Amerykańskie William McKinley
25%
3 120 666 Aneksja Teksasu, Cesja meksykańska, Terytorium Oregonu James K. Polk
0%
Nie znaleziono quizów pasujących do podanych kryteriów
Rozkład punktacji
Procent ludzi z każdym wynikiem
Percentyl według liczby udzielonych odpowiedzi
Twoja historia wyników
Nie rozwiązałeś tego quizu